[Event "Copenhagen op"]
[Site "Copenhagen"]
[Date "1985.??.??"]
[Round "2"]
[White "Fette, Martin"]
[Black "Nilsson, Nils Specht"]
[Result "1-0"]
[WhiteElo "2290"]
[BlackElo "2200"]

1.e4 c5 2.Nf3 d6 3.Bb5+ Nd7 4.d4 cxd4 5.Qxd4 Nf6 6.Nc3 g6 7.Bg5 Bg7 8.O-O-O O-O
9.e5 dxe5 10.Nxe5 Qc7 11.Nc4 Ne8 12.Qe3 Ndf6 13.Bf4 Ng4 14.Bxc7 Nxe3 15.Nxe3 Nxc7
16.Ned5 Nxd5 17.Nxd5 e6 18.Ne7+ Kh8 19.Nxc8 Raxc8 20.Rd7 a6 21.Be2 b5 22.Rhd1 Be5
23.Ra7 Ra8 24.Rdd7 Kg8 25.g3 Rxa7 26.Rxa7 Bd4 27.Rxa6 Bxf2 28.Bxb5 Rd8 29.b4 Be3+
30.Kb2 Rd2 31.Bc6 Rxh2 32.Ra8+ Kg7 33.Rd8 Rh3 34.a4 Rxg3 35.a5 Bf4 36.a6 Be5+
37.Ka2 Rg1 38.b5 Rc1 39.Kb3 Rb1+ 40.Kc4 Ra1 41.Rd7  1-0

[Event "Copenhagen op"]
[Site "Copenhagen"]
[Date "1985.??.??"]
[Round "3"]
[White "Rasmussen, Karsten"]
[Black "Ernst, Thomas"]
[Result "1/2-1/2"]
[WhiteElo "2295"]
[BlackElo "2450"]

1.e4 c5 2.Nf3 d6 3.Bb5+ Nd7 4.d4 cxd4 5.Qxd4 Nf6 6.Bg5 e6 7.Nc3 Be7 8.e5 dxe5
9.Nxe5 O-O 10.Nxd7 Nxd7 11.Bxe7 Qxe7 12.O-O-O Nb6 13.Rhe1 Bd7  1/2-1/2

[Event "Copenhagen op"]
[Site "Copenhagen"]
[Date "1985.??.??"]
[Round "6"]
[White "Fette, Martin"]
[Black "Fedder, Steen"]
[Result "0-1"]
[WhiteElo "2290"]
[BlackElo "2410"]

1.e4 c5 2.Nf3 d6 3.Bb5+ Nd7 4.d4 Nf6 5.Nc3 a6 6.Bxd7+ Nxd7 7.O-O cxd4 8.Qxd4 e6
9.Bg5 f6 10.Be3 Ne5 11.Nd2 b5 12.a4 Nc6 13.Qb6 Qxb6 14.Bxb6 b4 15.Ne2 a5
16.Nb3 Ra6 17.Be3 Be7 18.Rfd1 Kf7 19.f3 Rd8 20.Kf2 g6 21.g4 Ne5 22.Ned4 Nc4
23.Nd2 Nxe3 24.Kxe3 d5 25.exd5 Rxd5 26.N2b3 Bd7 27.c4 bxc3 28.bxc3 e5 29.Nb5 Rxd1
30.Rxd1 Be6 31.Rb1 Bd8 32.Kd3 Rc6 33.Nd2 f5 34.h3 Bg5 35.Nb3 Bc4+ 36.Kc2 e4
37.fxe4 fxe4 38.Re1 Rf6 39.N3d4 Rf2+ 40.Kb1 Bd3+ 41.Ka1 e3  0-1

[Event "Copenhagen"]
[Site "Copenhagen"]
[Date "1985.??.??"]
[Round "11"]
[White "Plaskett, Jim"]
[Black "Olafsson, Helgi"]
[Result "0-1"]
[WhiteElo "2495"]
[BlackElo "2515"]

1.e4 c5 2.Nf3 d6 3.Bb5+ Nc6 4.O-O Bd7 5.Re1 Nf6 6.c3 a6 7.Ba4 c4 8.Bc2 Rc8
9.Na3 b5 10.b3 Ne5 11.Nxe5 dxe5 12.bxc4 bxc4 13.d4 cxd3 14.Qxd3 e6 15.Rb1 Bc5
16.Nc4 Qc7 17.Qg3 O-O 18.Bh6 Nh5 19.Qxe5 gxh6 20.Qxh5 Bxf2+ 21.Kxf2 Qf4+
22.Kg1 Rxc4 23.Rf1 Qg5 24.Qh3 Qc5+ 25.Kh1 Rxc3 26.Qxh6 Qe5 27.Rf4 Qg7 28.Qh4 e5
29.Rf3 Rc6 30.Bb3 Rh6 31.Qe7 Be6 32.Rg3  0-1

[Event "Dortmund"]
[Site "Dortmund"]
[Date "1985.??.??"]
[Round "4"]
[White "Rogers, Ian"]
[Black "Suba, Mihai"]
[Result "0-1"]
[WhiteElo "2510"]
[BlackElo "2505"]

1.e4 c5 2.Nf3 d6 3.Bb5+ Nd7 4.d4 Nf6 5.Nc3 cxd4 6.Qxd4 e5 7.Qd3 h6 8.Nd2 Be7
9.Nc4 O-O 10.Bxd7 Bxd7 11.Ne3 Be6 12.Ncd5 Rc8 13.c3 Rc5 14.Nxf6+ Bxf6 15.O-O Qc8
16.Rd1 Rd8 17.Nd5 Bxd5 18.exd5 Bg5 19.Bxg5 hxg5 20.Qe3 g4 21.b4 Rxc3 22.Qxa7 Qd7
23.a4 Rdc8 24.Qb6 Rb3 25.b5 Rc2 26.Rab1 Rd2 27.Rf1 Rxb1 28.Rxb1 g6 29.a5 Qf5
30.Ra1 Qc2 31.g3 Qb2 32.Rf1 Rxd5 33.Qxb7 Rxb5 34.Qd7 Qb4 35.Ra1 Qc5 36.a6 Rb2
37.Rf1 Ra2 38.Qxg4 Rxa6 39.h4 d5 40.h5 d4 41.Rb1 Qc2 42.Re1 Rf6 43.Rf1 Qf5
44.Qxf5 gxf5 45.f3 Kg7 46.Re1 Re6 47.Kf2 Kh6 48.g4 fxg4 49.fxg4 e4 50.Rd1 Rd6
51.Re1 Rf6+  0-1

[Event "BCF-ch"]
[Site "Edinburgh"]
[Date "1985.??.??"]
[Round "2"]
[White "Mooney, David P"]
[Black "Bellin, Robert"]
[Result "1-0"]
[WhiteElo "2245"]
[BlackElo "2395"]

1.e4 c5 2.Nf3 d6 3.Bb5+ Nd7 4.d4 Nf6 5.O-O cxd4 6.Qxd4 a6 7.Bxd7+ Bxd7 8.Bg5 h6
9.Bxf6 gxf6 10.Nc3 Rc8 11.Nd5 Bb5 12.Rfe1 Rc4 13.Qd2 h5 14.b3 Bh6 15.Qd1 Rc5
16.c4 Bd7 17.Qd4 Rg8 18.Nh4 Rg4 19.g3 Bg7 20.Qd3 f5 21.Nxf5 Bxa1 22.Rxa1 Bxf5
23.exf5 b5 24.Qe3 Kd7 25.h3 Rg8 26.Rd1 Rh8 27.cxb5 Re8  1-0

[Event "Esbjerg"]
[Site "Esbjerg"]
[Date "1985.??.??"]
[Round "6"]
[White "Plaskett, Jim"]
[Black "Ftacnik, Lubomir"]
[Result "1/2-1/2"]
[WhiteElo "2480"]
[BlackElo "2500"]

1.e4 c5 2.Nf3 d6 3.Bb5+ Bd7 4.Bxd7+ Nxd7 5.O-O Ngf6 6.Qe2 e6 7.b3 Be7 8.Bb2 O-O
9.c4 Re8 10.Ng5 h6 11.Nh3 Ne5 12.f4 Nc6 13.e5 dxe5 14.fxe5 Nd7 15.Na3 f6
16.exf6 Bxf6 17.Bxf6 Nxf6 18.Nf4 e5 19.Nh5 Nxh5 20.Qxh5 Qd4+ 21.Kh1 Rf8 22.Nb5 Qd3
23.Kg1 Qxd2 24.Nc7 Rac8 25.Ne6 Rxf1+ 26.Rxf1 Qd7 27.Qf5 Nd4 28.Nxd4 Qxd4+
29.Kh1 Rd8 30.Qf7+ Kh8 31.Qxb7 e4 32.Qe7  1/2-1/2

[Event "Frunze"]
[Site "Frunze"]
[Date "1985.??.??"]
[Round "6"]
[White "Imanaliev, Taalaibek"]
[Black "Kupreichik, Viktor D"]
[Result "1-0"]
[WhiteElo "2385"]
[BlackElo "2470"]

1.e4 c5 2.Nf3 d6 3.Bb5+ Nc6 4.O-O Bd7 5.c3 a6 6.Ba4 Nf6 7.Qe2 b5 8.Bc2 e5
9.Rd1 Qc7 10.a4 b4 11.h3 Be7 12.d4 cxd4 13.cxd4 Nxd4 14.Nxd4 exd4 15.Bf4 O-O
16.Rxd4 Be6 17.Rxb4 a5 18.Rd4 Qb6 19.Rd1 Qxb2 20.Na3 Nd7 21.Nb5 Rfc8 22.Bd3 Qb4
23.Be3 Bf6 24.Bd2 Qc5 25.Rac1 Qb6 26.Be3 Nc5 27.Bc4 Bxc4 28.Rxc4 Be7 29.Nd4 Qb7
30.Nf5 Nxe4 31.Qg4 Bf6 32.Rxe4 h5 33.Qf3 d5 34.Red4 Bxd4 35.Bxd4 f6 36.Nd6 Qc6
37.Nxc8 Rxc8 38.Qxh5 Rd8 39.Re1  1-0

[Event "NOR-ch"]
[Site "Gausdal"]
[Date "1985.??.??"]
[Round "2"]
[White "Haugli, Petter"]
[Black "Hatlebakk, Einar"]
[Result "0-1"]
[WhiteElo "2305"]
[BlackElo "2320"]

1.e4 c5 2.Nf3 d6 3.Bb5+ Nd7 4.c3 Nf6 5.Qe2 e5 6.d4 Qc7 7.O-O Be7 8.Nbd2 a6
9.dxe5 dxe5 10.Bd3 O-O 11.Rd1 Re8 12.Nf1 Nf8 13.g3 Bd7 14.Bg5 Bc6 15.Bxf6 Bxf6
16.Ne3 g6 17.Bc4 Nd7 18.Bd5 Nb6 19.Rd2 Rad8 20.Rad1 Bb5 21.c4 Bd7 22.h4 Bc8
23.a3 Qe7 24.Rb1 Be6 25.Bxe6 Qxe6 26.Nd5 Nxd5 27.cxd5 Qd7 28.Rc2 Rc8 29.Rbc1 Qg4
30.Rxc5 Rxc5 31.Rxc5 Bxh4 32.Rc7 b5 33.d6 Bd8 34.Rc6 f5 35.Rxa6 fxe4 36.Qxb5 Rf8
37.Qd5+ Kh8 38.Nd2 Qe2 39.Qxe5+ Bf6 40.Qa5 Bd4  0-1

[Event "NOR-ch"]
[Site "Gausdal"]
[Date "1985.??.??"]
[Round "4"]
[White "Haugli, Petter"]
[Black "Jansson, Joran"]
[Result "1-0"]
[WhiteElo "2305"]
[BlackElo "2200"]

1.e4 c5 2.Nf3 d6 3.Bb5+ Nd7 4.c3 Nf6 5.Qe2 a6 6.Ba4 g6 7.O-O Bg7 8.d4 b5
9.Bb3 e5 10.dxe5 dxe5 11.Rd1 Qc7 12.a4 c4 13.Bc2 Bb7 14.axb5 axb5 15.Rxa8+ Bxa8
16.Na3 Qc6 17.Nd2 Nc5 18.f3 Nh5 19.g3 O-O 20.b3 cxb3 21.Nxb3 Nxb3 22.Bxb3 Qxc3
23.Qd3 Qc5+ 24.Be3 Qb4 25.Nxb5 Rb8 26.Qc4 Qxc4 27.Bxc4 Bf8 28.Rd2 Ng7 29.Nd6 Ne6
30.Bxe6 fxe6 31.Nc4 Bg7 32.Rd6 Rb4 33.Nb6 Bb7 34.Rd8+  1-0

[Event "Bundesliga 8485"]
[Site "Germany"]
[Date "1985.??.??"]
[Round "?"]
[White "King, Daniel J"]
[Black "Huenerkopf, Heinz"]
[Result "1/2-1/2"]
[WhiteElo "2425"]
[BlackElo "2305"]

1.e4 c5 2.Nf3 d6 3.Bb5+ Bd7 4.Bxd7+ Qxd7 5.c4 Nc6 6.Nc3 g6 7.d4 cxd4 8.Nxd4 Bg7
9.Be3 Nf6 10.f3 O-O 11.O-O Rfc8 12.b3 Qd8 13.Qd2 Qa5 14.Rfd1 a6  1/2-1/2

[Event "Bundesliga 8485"]
[Site "Germany"]
[Date "1985.??.??"]
[Round "?"]
[White "Ruehrig, Volkhard"]
[Black "Kunsztowicz, Uwe"]
[Result "1-0"]
[WhiteElo "2375"]
[BlackElo "2350"]

1.e4 c5 2.Nf3 d6 3.Bb5+ Bd7 4.Bxd7+ Qxd7 5.O-O Nf6 6.Re1 Nc6 7.c3 e6 8.d3 Be7
9.Nbd2 O-O 10.a4 Qc7 11.Nc4 d5 12.exd5 exd5 13.Ne3 d4 14.Nf5 dxc3 15.bxc3 Nd5
16.c4 Nf6 17.Bb2 Qd7 18.N3h4 Rfe8 19.Qf3 Nd4 20.Bxd4 cxd4 21.Nxg7 Kxg7 22.Nf5+ Kf8
23.Nxe7 Ng8 24.Nf5 Rxe1+ 25.Rxe1 Re8 26.Rxe8+ Qxe8 27.g4 Qxa4 28.Qf4  1-0

[Event "Bundesliga 8485"]
[Site "Germany"]
[Date "1985.??.??"]
[Round "?"]
[White "Ackermann, Hans Werner"]
[Black "Cordes, Hans Joerg"]
[Result "1/2-1/2"]
[WhiteElo "2255"]
[BlackElo "2295"]

1.e4 c5 2.Nf3 d6 3.Bb5+ Bd7 4.Bxd7+ Qxd7 5.O-O e6 6.d4 cxd4 7.Nxd4 Nf6 8.Re1 Be7
9.b3 O-O 10.Ba3 a6 11.c4 Nc6 12.Nxc6 Qxc6 13.Nc3 Rfd8 14.Rc1 Qe8 15.Qe2 Rab8
16.Rc2 Nd7 17.Rd1 Nc5 18.Rcd2 Qc6 19.Qe3 b6 20.Bxc5 bxc5 21.e5 dxe5 22.Qxe5 f6
23.Qe3 Rxd2 24.Rxd2 Rd8 25.Rxd8+ Bxd8 26.Na4 Be7 27.Nb2 Qd6 28.Nd3 f5 29.g3 g5
30.Kf1 Kf7 31.Ke2 Kf6 32.h4 h6 33.hxg5+ hxg5 34.f4 g4 35.Ne5 Kg7 36.Qd3 Qxd3+
37.Nxd3 Kf7 38.a3 a5 39.Ne5+ Ke8 40.Kd3 Bd6 41.Nc6 Bc7 42.b4 axb4 43.axb4 cxb4
44.Nxb4 Kd7 45.c5 Ba5 46.Nc2 Kc6 47.Kc4 Bd2 48.Nd4+ Kd7 49.Kb5 Be3 50.c6+ Kd6
51.c7 Kxc7 52.Nxe6+ Kd6 53.Ng7 Bf2 54.Nxf5+ Ke6 55.Nh6 Bxg3 56.Nxg4 Bxf4  1/2-1/2

[Event "Mittelfranken"]
[Site "Germany"]
[Date "1985.??.??"]
[Round "?"]
[White "Pranschke, G."]
[Black "Stannullo"]
[Result "1-0"]
[WhiteElo "2200"]
[BlackElo "2200"]

1.e4 c5 2.Nf3 d6 3.Bb5+ Bd7 4.Bxd7+ Nxd7 5.c4 g6 6.d4 Bg7 7.Be3 Ngf6 8.Nc3 O-O
9.Rc1 Rc8 10.b3 Qa5 11.O-O a6 12.a4 Rfd8 13.Bd2 Qc7 14.Be3 h6 15.Nd5 Nxd5
16.exd5 cxd4 17.Nxd4 Re8 18.Qg4 Nc5 19.Qh4 Kh7 20.Rc3 Qa5 21.Bxh6 Bxh6 22.Rh3 Qd2
23.Nf3 Kg7 24.Nxd2 Bxd2 25.Qh7+ Kf6 26.Rf3+ Ke5 27.Rxf7 Nxb3 28.Qxg6 Rxc4
29.Qd3 Rc3 30.f4+  1-0

[Event "HSK-Kasparov simul"]
[Site "Hamburg"]
[Date "1985.??.??"]
[Round "?"]
[White "Wahls, Matthias"]
[Black "Kasparov, Gary"]
[Result "1-0"]
[WhiteElo "2285"]
[BlackElo "2700"]

1.e4 c5 2.Nf3 d6 3.Bb5+ Bd7 4.Bxd7+ Nxd7 5.O-O Ngf6 6.Qe2 e6 7.c3 Rc8 8.d4 cxd4
9.cxd4 d5 10.e5 Ne4 11.Be3 Nb6 12.Ne1 Nc4 13.Nd3 f5 14.f3 Ng5 15.Nc3 Nf7
16.Nf4 Rc6 17.g4 g6 18.gxf5 Qg5+ 19.Kh1 Qxf5 20.Nfxd5 exd5 21.Nxd5 Bg7 22.Rac1 Ncxe5
23.Bf4 Rxc1 24.Rxc1 Qd3 25.Rc8+ Kd7 26.Rc7+ Ke6 27.Bxe5 Qb1+ 28.Kg2 Bxe5
29.Nc3  1-0

[Event "Hamburg-ch"]
[Site "Hamburg"]
[Date "1985.??.??"]
[Round "?"]
[White "Rostalski, Walter"]
[Black "Reddmann, Hauke"]
[Result "1/2-1/2"]
[WhiteElo "2265"]
[BlackElo "2200"]

1.e4 c5 2.Nf3 d6 3.Bb5+ Nd7 4.c3 a6 5.Ba4 Nf6 6.Qe2 e5 7.O-O Be7 8.d4 O-O
9.Rd1 Qc7 10.Bg5 Nb6 11.Bb3 Bg4 12.h3 Bxf3 13.Qxf3 exd4 14.cxd4 Nxe4 15.Qxe4 Bxg5
16.dxc5 dxc5 17.Nc3 Bf6 18.Nd5 Nxd5 19.Bxd5 Rae8 20.Qf3 Re7 21.Rac1 Rfe8
22.b3 Bb2 23.Rb1 Bd4  1/2-1/2

[Event "Hastings8586"]
[Site "Hastings"]
[Date "1985.??.??"]
[Round "1"]
[White "Plaskett, Jim"]
[Black "Watson, William N"]
[Result "1/2-1/2"]
[WhiteElo "2435"]
[BlackElo "2475"]

1.e4 c5 2.Nf3 d6 3.Bb5+ Bd7 4.Bxd7+ Qxd7 5.O-O e6 6.c4 Nc6 7.d4 cxd4 8.Nxd4 Nf6
9.Nc3 Be7 10.b3 O-O 11.Bb2 a6 12.Ba3 Rfd8 13.Re1 b5 14.cxb5 Nxd4 15.Qxd4 axb5
16.Bb4 Ng4 17.f4 Bf6 18.e5 dxe5 19.Qxd7 Rxd7 20.h3 Rd4 21.a3 Ne3 22.fxe5 Nc2
23.exf6 Nxa1 24.Nxb5 Rxb4 25.axb4 Nxb3 26.Re3 Nd2 27.Re2 Nc4 28.Re4 Ra1+
29.Kf2 Ra2+ 30.Kg3 Na3 31.Rd4 gxf6 32.Rd8+ Kg7 33.Ra8 Rb2 34.Rxa3 Rxb4 35.Nd6 Rd4
36.Ra6 Kg6 37.Kf3 Rd3+ 38.Kf4 Rd2 39.g3 Rd4+ 40.Ke3 Rb4 41.Ra3 f5 42.Ra8 Rb3+
43.Kd4 Kg7  1/2-1/2

[Event "Jurmala"]
[Site "Jurmala"]
[Date "1985.??.??"]
[Round "11"]
[White "King, Daniel J"]
[Black "Tukmakov, Vladimir B"]
[Result "0-1"]
[WhiteElo "2425"]
[BlackElo "2570"]

1.e4 c5 2.Nf3 d6 3.Bb5+ Nd7 4.d4 Nf6 5.Nc3 a6 6.Bxd7+ Nxd7 7.O-O b6 8.Bg5 h6
9.Be3 e6 10.d5 Nf6 11.a4 Be7 12.Nd2 O-O 13.Qf3 Bb7 14.dxe6 fxe6 15.Qh3 e5
16.Qe6+ Kh7 17.f3 Rb8 18.Rfd1 Bc6 19.Nf1 Bd7 20.Qc4 Qc8 21.Bf2 Be6 22.Qd3 Nh5
23.Ne3 Nf4 24.Qd2 Rb7 25.Ned5 Nxd5 26.Nxd5 Bd8 27.b4 Bxd5 28.Qxd5 cxb4 29.Qxd6 Be7
30.Qd3 Rc7 31.Bxb6 Rxc2 32.a5 Rf6 33.Be3 Bc5 34.Rac1 Rd6 35.Qxc2 Bxe3+  0-1

[Event "URS-ch sf"]
[Site "Kostroma"]
[Date "1985.??.??"]
[Round "1"]
[White "Shabanov, Yuri"]
[Black "Basin, Leonid"]
[Result "1/2-1/2"]
[WhiteElo "2385"]
[BlackElo "2200"]

1.e4 c5 2.Nf3 d6 3.Bb5+ Bd7 4.Bxd7+ Qxd7 5.c4 Nc6 6.O-O Nf6 7.Nc3 e6 8.d4 cxd4
9.Nxd4 Be7 10.Nc2 O-O 11.b3 Rfd8 12.Ne3 a6 13.Qe2 Rac8 14.Rd1 b6 15.Bb2 Qb7
16.f3 Ne5 17.Rd2 Ng6 18.g3 Ne5 19.Rad1 h6 20.Rf1 Re8 21.Rfd1 Red8 22.Rf1 Re8
23.Rfd1 Red8  1/2-1/2

[Event "Linares"]
[Site "Linares"]
[Date "1985.??.??"]
[Round "?"]
[White "Kortschnoj, Viktor"]
[Black "Miles, Anthony J"]
[Result "1-0"]
[WhiteElo "2630"]
[BlackElo "2570"]

1.Nf3 c5 2.e4 d6 3.Bb5+ Bd7 4.Bxd7+ Nxd7 5.O-O Ngf6 6.Qe2 e6 7.d4 cxd4 8.Nxd4 Nc5
9.f3 Qb6 10.Qb5+ Qxb5 11.Nxb5 Kd7 12.Rd1 Kc6 13.c4 a6 14.Nd4+ Kc7 15.Nc3 Be7
16.Bf4 Ncd7 17.Rac1 Nh5 18.Be3 Rac8 19.b4 Rhd8 20.Nb3 Kb8 21.Na4 Ne5 22.Nb6 Rc7
23.a4 g5 24.b5 Nf4 25.Kf1 Re8 26.bxa6 bxa6 27.Rb1 Nc6 28.g3 Ng6 29.c5 Rd8
30.Nc4 d5 31.Nba5+ Ka8 32.Nb6+ Ka7 33.Nxd5 exd5 34.Nxc6+ Rxc6 35.exd5 Bxc5
36.dxc6 Rxd1+ 37.Rxd1 Bxe3 38.Ke2 Bc5 39.Rd7+ Kb6 40.c7 Kb7 41.Rxf7 Nf8 42.Kd3 h5
43.Ke4 h4 44.Kf5 hxg3 45.hxg3 Kc8 46.Kxg5 Ne6+ 47.Kf5 Nxc7 48.g4 Ne8 49.g5 Nd6+
50.Ke6 Nxf7 51.Kxf7 Bd4 52.g6 Kd7 53.f4  1-0

[Event "Portoroz/Ljubljana"]
[Site "Ljubljana"]
[Date "1985.??.??"]
[Round "5"]
[White "Barle, Janez"]
[Black "Parma, Bruno"]
[Result "1/2-1/2"]
[WhiteElo "2430"]
[BlackElo "2490"]

1.e4 c5 2.Nf3 d6 3.Bb5+ Bd7 4.Bxd7+ Qxd7 5.O-O Nc6 6.d3 Nf6 7.Bg5 g6 8.Bxf6 exf6
9.Nc3 Bg7 10.Nd5 O-O 11.c3 f5 12.Re1 h6 13.Nh4 fxe4 14.dxe4 Kh7 15.f4 Ne7
16.f5 Nxd5 17.Qxd5 Qe7 18.g3 b5 19.Re2 Bf6 20.Ng2 Rab8 21.Rd1 Be5 22.Ne3 h5
23.Qd3 Qg5 24.Nd5 h4 25.Rg2 hxg3 26.hxg3 Kg7 27.Rf1 Rh8 28.Qf3 Rb7 29.Nf4 gxf5
30.exf5 Rbb8 31.Nd5 b4 32.f6+  1/2-1/2

[Event "Portoroz/Ljubljana"]
[Site "Ljubljana"]
[Date "1985.??.??"]
[Round "6"]
[White "Barle, Janez"]
[Black "Popovic, Petar"]
[Result "1/2-1/2"]
[WhiteElo "2430"]
[BlackElo "2540"]

1.e4 c5 2.Nf3 d6 3.Bb5+ Bd7 4.Bxd7+ Nxd7 5.O-O Ngf6 6.d3 e6 7.b3 Be7 8.Bb2 O-O
9.Nbd2 Re8 10.Re1 Bf8  1/2-1/2

[Event "Portoroz/Ljubljana"]
[Site "Ljubljana"]
[Date "1985.??.??"]
[Round "9"]
[White "Cigan, Stefan"]
[Black "Popovic, Petar"]
[Result "1/2-1/2"]
[WhiteElo "2280"]
[BlackElo "2540"]

1.e4 c5 2.Nf3 d6 3.Bb5+ Nd7 4.d4 cxd4 5.Qxd4 Nf6 6.Nc3 e5 7.Qd3 h6 8.Be3 Be7
9.Bc4 O-O 10.O-O Kh8 11.Rfd1 Nb6 12.Bxb6 Qxb6 13.Nd5 Nxd5 14.Bxd5  1/2-1/2

[Event "Lugano op"]
[Site "Lugano"]
[Date "1985.??.??"]
[Round "7"]
[White "Rasmussen, Karsten"]
[Black "Nunn, John DM"]
[Result "0-1"]
[WhiteElo "2295"]
[BlackElo "2615"]

1.e4 c5 2.Nf3 d6 3.Bb5+ Bd7 4.Bxd7+ Nxd7 5.O-O Ngf6 6.Qe2 e6 7.b3 Be7 8.Bb2 O-O
9.c4 e5 10.Ne1 Re8 11.Nc3 Nf8 12.Nc2 Ne6 13.Nd5 Bf8 14.d3 g6 15.Rae1 Bh6
16.Bc1 Bxc1 17.Rxc1 Rc8 18.Nce3 Nd4 19.Qd2 Nxd5 20.Nxd5 f5 21.exf5 gxf5 22.f4 exf4
23.Rce1 Qg5 24.Qxf4 Qxf4 25.Nxf4 Re5 26.Nd5 Kf7 27.Kf2 Rce8 28.Rxe5 dxe5
29.Rb1 Rd8 30.a3 b5 31.b4 Rc8 32.cxb5 Ke6 33.Ne3 Nxb5 34.Rc1 f4 35.Nc4 cxb4
36.axb4 e4 37.Re1 e3+ 38.Kf3 Nd4+ 39.Ke4 Rd8 40.Na3 e2 41.Nb1 f3  0-1

[Event "Lugano op"]
[Site "Lugano"]
[Date "1985.??.??"]
[Round "8"]
[White "Mednis, Edmar John"]
[Black "Giorgadze, Tamaz"]
[Result "1/2-1/2"]
[WhiteElo "2465"]
[BlackElo "2500"]

1.e4 c5 2.Nf3 d6 3.Bb5+ Nd7 4.d4 cxd4 5.Qxd4 a6 6.Bxd7+ Bxd7 7.c4 Nf6 8.Nc3 g6
9.O-O Bg7 10.Bd2 O-O 11.b3 Rc8 12.Rac1 Kh8 13.Rfe1 Bc6 14.Qd3 Nd7 15.Qe3 b6
16.Nd5 e6 17.Nb4 Bb7 18.Nd3 a5 19.Bc3 e5 20.Nd2 Qh4 21.f3 f5 22.Rcd1 Rf7
23.Bb2 Rcf8 24.Ba3 Bh6 25.Qf2 Qf6 26.Qe2 Kg8 27.Nf2 Nc5 28.Bxc5 bxc5 29.Nf1 Ra8
30.Qd3 Bf8 31.Ne3 f4 32.Nd5 Qg7 33.a4 g5 34.Nc3 h5 35.h3 Rf6 36.Kf1 Rg6 37.Ke2 Rb8
38.Kd2 Bc8 39.Kc2 g4 40.hxg4 hxg4 41.Rd2 g3  1/2-1/2

[Event "WchT U26"]
[Site "Mendoza"]
[Date "1985.??.??"]
[Round "2"]
[White "Martinez, Ibrahim"]
[Black "Hoffman, Alejandro"]
[Result "0-1"]
[WhiteElo "2285"]
[BlackElo "2270"]

1.e4 c5 2.Nf3 d6 3.Bb5+ Bd7 4.Bxd7+ Qxd7 5.O-O Nf6 6.Re1 e6 7.c4 Be7 8.d4 cxd4
9.Nxd4 O-O 10.Nc3 a6 11.b3 Nc6 12.Ba3 Rfd8 13.Qd2 Rab8 14.Rad1 Nxd4 15.Qxd4 Qc7
16.Bb4 Ng4 17.a4 Bf6 18.e5 Nxe5 19.Bxd6 Qa5 20.Rxe5 Rxd6 21.Rxa5 Bxd4 22.Ne4 Rdd8
23.Kf1 f5 24.Ng3 Ra8 25.Nxf5 exf5 26.Rxf5 Bb6 27.Rc1 Rf8 28.Rxf8+ Rxf8 29.c5 Ba7
30.f3 a5 31.Rc4 Rc8 32.b4 axb4 33.Rxb4 Rc7 34.Rb5 Bxc5 35.g3 Kf7 36.Kg2 Ke6
37.Rb1 Kd5 38.Re1 Re7 39.Rd1+ Kc6 40.Rd2 Re1 41.Ra2 b6 42.Kh3 Re7 43.Kg4 Ra7
44.h4 Kd5 45.f4 Kc4 46.Rd2 Kb3  0-1

[Event "WchT U26"]
[Site "Mendoza"]
[Date "1985.??.??"]
[Round "4"]
[White "Valkesalmi, Kimmo"]
[Black "Kudrin, Sergey"]
[Result "1/2-1/2"]
[WhiteElo "2340"]
[BlackElo "2485"]

1.e4 c5 2.Nf3 d6 3.Bb5+ Nc6 4.O-O Bd7 5.c3 a6 6.Bxc6 Bxc6 7.Re1 e5 8.d4 Qc7
9.dxe5 dxe5 10.c4 Bd6 11.Nc3 Ne7 12.Nh4 O-O 13.Qe2 f6 14.a3 Bd7 15.Be3 g5
16.Nf3 Be6 17.Rec1 Nc6 18.Nd5 Qg7 19.b4 Nd4 20.Bxd4 exd4 21.bxc5 Bxc5 22.Qd2 Rae8
23.Nxd4 f5 24.Nb3 Ba7 25.e5 Qxe5 26.Qxg5+  1/2-1/2

[Event "WchT U26"]
[Site "Mendoza"]
[Date "1985.??.??"]
[Round "4"]
[White "Belkhodja, Slim"]
[Black "Martin del Campo, Roberto"]
[Result "1-0"]
[WhiteElo "2385"]
[BlackElo "2225"]

1.e4 c5 2.Nf3 d6 3.Bb5+ Bd7 4.Bxd7+ Qxd7 5.c4 Nc6 6.d4 cxd4 7.Nxd4 g6 8.Nc3 Bg7
9.Be3 Nh6 10.f3 f5 11.Qd2 Nf7 12.O-O O-O 13.f4 Nh6 14.Kh1 Rac8 15.b3 fxe4
16.Nxe4 Nf5 17.Nxf5 Qxf5 18.Ng3 Qa5 19.Qxa5 Nxa5 20.Rad1 b6 21.Ne4 Nb7 22.g3 Nc5
23.Nxc5 bxc5 24.Kg2 Rb8 25.Rd3 Rb6 26.Rf2 a5 27.Bd2 Ra8 28.Re2 Kf7 29.a4 Bd4
30.Re1 e5 31.Kf3 Rab8 32.Rb1 d5 33.cxd5 c4 34.fxe5 cxd3 35.Ke4 Bc5 36.Rf1+ Ke8
37.d6 Bxd6 38.exd6 Rxd6 39.Rb1 Kd7 40.Bxa5 d2 41.Rd1 Rxb3 42.Rxd2 Ra3 43.Rxd6+ Kxd6  1-0

[Event "New York op"]
[Site "New York"]
[Date "1985.??.??"]
[Round "2"]
[White "Whitehead, Paul A"]
[Black "Fedorowicz, John P"]
[Result "1-0"]
[WhiteElo "2370"]
[BlackElo "2520"]

1.e4 c5 2.Nf3 d6 3.Bb5+ Bd7 4.a4 e6 5.O-O Nc6 6.Re1 Nf6 7.c3 Be7 8.d4 cxd4
9.cxd4 a6 10.Bf1 d5 11.e5 Ne4 12.Nc3 Nxc3 13.bxc3 O-O 14.Bd3 Rc8 15.h4 f5
16.exf6 gxf6 17.Bh6 Rf7 18.Re3 Kh8 19.h5 Bf8 20.Bf4 Rg7 21.Rb1 Na5 22.h6 Re7
23.Ne5 Rxc3 24.Qg4 Bxh6 25.Bxh6 fxe5 26.Qg5 Rxd3 27.Qf6+ Kg8 28.Rxd3  1-0

[Event "New York op"]
[Site "New York"]
[Date "1985.??.??"]
[Round "4"]
[White "Shamkovich, Leonid"]
[Black "Valvo, Michael J"]
[Result "1/2-1/2"]
[WhiteElo "2460"]
[BlackElo "2415"]

1.e4 c5 2.Nf3 d6 3.Bb5+ Nd7 4.d4 Nf6 5.Nc3 cxd4 6.Qxd4 e5 7.Qd3 h6 8.a4 Be7
9.O-O O-O 10.Rd1 a6 11.Bc4 Qc7 12.Qe2 Nb6 13.Bb3 Be6 14.Nh4 Rad8 15.a5 Nc4
16.Nf5 Rfe8 17.Ne3 Nxa5 18.Ncd5 Nxd5 19.Nxd5 Bxd5 20.Bxd5 Nc6 21.Ra3 Nd4
22.Qh5 Bf6 23.Rc3 Qd7 24.Rg3 Ne6 25.Bxh6 Kf8 26.Rf3 Ke7 27.Bxg7  1/2-1/2

[Event "Nikea op"]
[Site "Nikea"]
[Date "1985.??.??"]
[Round "?"]
[White "Ghinda, Mihail Viorel"]
[Black "Salov, Valery"]
[Result "1/2-1/2"]
[WhiteElo "2475"]
[BlackElo "2525"]

1.e4 c5 2.Nf3 d6 3.Bb5+ Bd7 4.Bxd7+ Qxd7 5.c4 Nf6 6.Nc3 e6 7.O-O Be7 8.d4 cxd4
9.Nxd4 O-O 10.b3 a6 11.Bb2 Nc6 12.Re1 Rfc8 13.Nxc6 Rxc6  1/2-1/2

[Event "JUG-ch"]
[Site "Novi Sad"]
[Date "1985.??.??"]
[Round "?"]
[White "Abramovic, Bosko"]
[Black "Marjanovic, Slavoljub"]
[Result "1/2-1/2"]
[WhiteElo "2460"]
[BlackElo "2505"]

1.e4 c5 2.Nf3 d6 3.Bb5+ Bd7 4.Bxd7+ Qxd7 5.O-O Nc6 6.Qe2 Nf6 7.b3 g6 8.Bb2 Bg7
9.d4 cxd4 10.Nxd4 O-O 11.c4 a6 12.Rd1 b5 13.Na3 Nxd4 14.Bxd4 Qb7 15.f3 bxc4
16.Nxc4 a5 17.Rac1 Ra6 18.Qd2 Nd7 19.Bxg7 Kxg7 20.Qc3+ f6 21.Ne3 a4 22.b4 Ne5
23.Qc7 Qxb4 24.Nd5 Qb5 25.Qxe7+ Rf7 26.Qd8 Rc6 27.Rxc6 Qxc6 28.Qb6 Qc5+ 29.Qxc5 dxc5
30.Nc3 a3 31.f4 Nc4 32.Rd5 Rc7 33.Kf2 Rb7 34.Rxc5 Rb2+ 35.Kg3 Nd2 36.Rc7+ Kf8
37.e5 Rc2 38.Nd5 Rxc7 39.Nxc7 Ne4+ 40.Kf3 Nc3 41.Ke3 Nxa2 42.Nb5 Ke7 43.Nxa3 Ke6
44.exf6  1/2-1/2

[Event "SVK-ch"]
[Site "Piestany"]
[Date "1985.??.??"]
[Round "4"]
[White "Franzen, Josef"]
[Black "Ac, Michal"]
[Result "1-0"]
[WhiteElo "2355"]
[BlackElo "2200"]

1.e4 c5 2.Nf3 d6 3.Bb5+ Bd7 4.Bxd7+ Nxd7 5.c4 g6 6.d4 Bg7 7.Nc3 cxd4 8.Nxd4 Ngf6
9.O-O O-O 10.Be3 a6 11.Rc1 Nc5 12.f3 Ne6 13.Nxe6 fxe6 14.Qb3 Qd7 15.Na4 Qc6
16.Rfd1 Kh8 17.Nb6 Rad8 18.Rc2 Nd7 19.Nxd7 Rxd7 20.Bb6 Rc8 21.Rdc1 Bh6 22.Be3 Bxe3+
23.Qxe3 Qc5 24.Kf2 Qh5 25.h3 Rdc7 26.Rc3 Rc5 27.b4 R5c7 28.Kg1 Kg8 29.Kh2 a5
30.a3 axb4 31.axb4 Qe5+ 32.f4 Qf6 33.e5 Qf5 34.Qd4 Rd7 35.c5 Rcd8 36.cxd6 exd6
37.Rc8 Qf8 38.R8c7 d5 39.b5 Rf7 40.Kg3 h6 41.b6 Rfd7 42.R1c3 Qf7 43.Kh2 Re7
44.g3 Rdd7 45.Rc8+ Re8 46.Qa4 Rxc8 47.Rxc8+ Kg7 48.Kg2 g5 49.f5  1-0

[Event "Nordic-chT"]
[Site "Pohja"]
[Date "1985.??.??"]
[Round "?"]
[White "Wahls, Matthias"]
[Black "Hellers, Ferdinand"]
[Result "1/2-1/2"]
[WhiteElo "2285"]
[BlackElo "2380"]

1.e4 c5 2.Nf3 d6 3.Bb5+ Bd7 4.Bxd7+ Qxd7 5.O-O Nc6 6.c3 Nf6 7.d4 Nxe4 8.d5 Ne5
9.Nxe5 dxe5 10.Re1 Nd6 11.Rxe5 g6 12.Re2 Bg7 13.Bf4 O-O 14.Na3 Rad8 15.Qd3 Rfe8
16.Rd1 Qg4 17.Bxd6 Rxd6 18.Qb5 Red8 19.h3 Qh5 20.Rde1 Qxd5 21.Rxe7 Rb6 22.Re8+ Bf8
23.Rxd8 Qxd8 24.Qe2  1/2-1/2

[Event "Bohemians"]
[Site "Prague"]
[Date "1985.??.??"]
[Round "?"]
[White "Ambroz, Jan"]
[Black "Danner, Georg"]
[Result "1/2-1/2"]
[WhiteElo "2455"]
[BlackElo "2415"]

1.e4 c5 2.Nf3 d6 3.Bb5+ Bd7 4.Bxd7+ Qxd7 5.O-O Nc6 6.b3 Nf6 7.Re1 g6 8.Bb2 Bg7
9.d3 O-O 10.Nbd2 Nh5 11.Bxg7  1/2-1/2